000 00709nam a22002297a 4500
005 20251108173339.0
008 250721s2006 xx 000 0 ara d
020 _a9957242539
082 1 4 _a956.3/حفي
100 1 _aالحفيظ، عماد محمد ذياب
245 1 0 _aالصراع الطائفي و تأثيره على البيئة /
264 1 _aعمان :
_bدار صفاء للنشر و التوزيع،
_c2006.
300 _a167 ص
650 1 7 _aالصراع الطبقي
650 1 7 _aالعراق
650 1 7 _aتاريخ العراق
650 1 7 _aالطائفية
650 1 7 _aالأحوال السياسية
650 1 7 _aالبيئة
942 _2ddc
_cBK
999 _c101794
_d101794